| 000 -LEADER |
| fixed length control field |
00345nam a2200145Ia 4500 |
| 008 - FIXED-LENGTH DATA ELEMENTS--GENERAL INFORMATION |
| fixed length control field |
200615s9999||||xx |||||||||||||| ||und|| |
| 020 ## - INTERNATIONAL STANDARD BOOK NUMBER |
| International Standard Book Number |
9788173816598 |
| 082 ## - DEWEY DECIMAL CLASSIFICATION NUMBER |
| Classification number |
537.5 |
| Item number |
ADV-B |
| 100 ## - MAIN ENTRY--PERSONAL NAME |
| Personal name |
BHATTACHARYA,AB |
| 245 #0 - TITLE STATEMENT |
| Title |
ADVANCED ELECTRONIC PRACTICAL |
| 250 ## - EDITION STATEMENT |
| Edition statement |
7TH |
| 260 ## - PUBLICATION, DISTRIBUTION, ETC. |
| Place of publication, distribution, etc. |
New Delhi |
| Name of publisher, distributor, etc. |
CENTRAL |
| Date of publication, distribution, etc. |
2018 |
| 300 ## - PHYSICAL DESCRIPTION |
| Extent |
285 |
| 942 ## - ADDED ENTRY ELEMENTS (KOHA) |
| Koha item type |
Book |